Jak ma na imię ten piłkarz? #3 - Statystyki

Ogólne statystyki
  • Ten quiz został rozwiązany 173 razy
  • Średni wynik to 14 z 25
Statystyki odpowiedzi
Hint Odpowiedź % Poprawnych
Havertz Kai
93%
Håland Erling
83%
Davies Alphonso
79%
Begović Asmir
78%
Matić Nemanja
75%
Banega Éver
71%
Rebić Ante
69%
Handanovič Samir
68%
Bellarabi Karim
67%
Parejo Dani
63%
Hakimi Achraf
61%
Tielemans Youri
61%
Lodi Renan
59%
Sommer Yann
59%
Kubo Takefusa
54%
Mina Yerry
51%
Iheanacho Kelechi
48%
Mustafi Shkodran
46%
Poulsen Yussuf
46%
Baines Leighton
39%
Diaz Brahim
35%
Minamino Takumi
33%
Grant Lee
22%
Diawara Amadou
19%
Czeryszew Dienis
13%
Nie znaleziono quizów pasujących do podanych kryteriów
Rozkład punktacji
Procent ludzi z każdym wynikiem
Percentyl według liczby udzielonych odpowiedzi
Twoja historia wyników
Nie rozwiązałeś tego quizu